| 000 | 00502nam a22001577a 4500 | ||
|---|---|---|---|
| 003 | SGT | ||
| 020 | _a9788190651813 | ||
| 082 | _a657.42 | ||
| 100 | _aSINGHAL A.K. | ||
| 245 | _aBASIC COSTING THEORY & PRACTICE | ||
| 260 |
_aNEW DELHI _bVEI _c2008 |
||
| 300 | _a581 | ||
| 650 | _aACCOUNTING | ||
| 653 | _aINTRODUCTION: COST ACCOUNTING-MEANING,IMPORTANCE AND EVALUATION, ELEMENTS OF COST AND THEIR CLASSIFICATION, MATERIALS CONTROLS AND VALUATION, LABOUR COST CONTROL, OVERHEADS | ||
| 942 |
_2ddc _cFCM |
||
| 999 |
_c9178 _d9178 |
||